1857 1604 1489 1907 1860 1391 1383 1425 1647 1475 1068 1586 1893 1341 1226 1972 1308 1359 1004 1126 1476 1674 1147 1612 1237 1309 1555 1868 1674 1545 1522 1984 1092 1628 1609 1962 1272 1944 1735 1213 1643 1276 1416 1646 1352 1992 1707 1705 1317 1897 1086 1010 1493 1778 1511 1199 1512 1352 1620 1018 1189 1847 1985 1696 1883 1227 1449 1327 1192 1170 1094 1858 1845 1534 1207 1436 1563 1292 1833 1849 1580 1685 1313 1972 1115 1209 1511 1816 1276 1820 1904 1880 1538 1013 1159 1087 1937 1768 1783 BCNSPRNW ULIB Ver.6.0+V

เปลี่ยนเป็นภาษาไทย

Change to English
 แสดงรายละเอียดบรรณานุกรม
  กลับหน้าหลัก

Brief Record : Get Marc (ISO 2709) : E-mail record : QR code < ปิดหน้าต่าง
LEADER : 00000nam 2200000uu 4500
001    13399122592
003     ULIB
008    020711s2545 th a 000 0 tha d
020    9741401248
090    นว.^bม111จ
100    แมรี่ นอร์ตั้น ;^eเขียน
245    จิ๋วชาวทุ่ง /^cแมรี่ นอร์ตั้น ; เขียน,สุทธิ โสภา ; แปล
260    กรุงเทพฯ :^bผีเสื้อ,^c2545
300    286 หน้า
700    สุทธิ โสภา ;^eแปล
945    ^p184^l0^i20038
999    ^aทศพร เกษรทอง
รายการนี้ยังไม่มีแท็ก
คุณยังไม่ได้ล็อกอิน คุณสามารถมีกิจกรรมร่วมกับเว็บไซต์ได้ แต่ต้องล็อกอินก่อน ::
  ล็อกอิน

รายการสื่อสารสนเทศ

ลำดับที่ ประเภท เลขเรียก/บาร์โค้ด สถานที่ สถานะ
1. นวนิยาย
นวนิยาย
นว. ม111จ ฉ.1 
  Barcode: 20038
ห้องสมุดวิทยาเขตสวรรค์ประชารักษ์
►นวนิยาย
บนชั้น
  ขอยืม

BibComment


ยังไม่เคยถูกคอมเมนท์

คอมเมนท์ทรัพยากรรายการนี้
  คอมเมนท์: จิ๋วชาวทุ่ง แมรี..


 Copyright 2026. Bcnsprnw @Library